[Event "RUS-ch"]
[Site "Elista"]
[Date "1996.??.??"]
[Round "8"]
[White "Zakharevich, Igor"]
[Black "Lastin, Alexander"]
[Result "0-1"]
[WhiteElo "2485"]
[BlackElo "2495"]
[Annotator "Tyomkin,D"]
[PlyCount "46"]
[EventDate "1996.10.15"]
[EventType "swiss"]
[EventRounds "11"]
[EventCountry "RUS"]
[SourceTitle "CBM 056"]
[Source "ChessBase"]
[SourceDate "1997.02.01"]
[SourceVersion "1"]
[SourceVersionDate "1997.02.01"]
[SourceQuality "1"]

1. d4 f5 2. g3 Nf6 3. Bg2 g6 4. Nh3 Bg7 5. Nf4 Nc6 6. d5 (6. h4) (6. Nc3) 6...
Ne5 7. Nc3 O-O (7... c6) 8. h4 (8. O-O Nf7 $6 (8... c6) 9. e4 e5 (9... fxe4 10.
Nxe4 Nxe4 11. Bxe4 c6 $14) 10. dxe6 dxe6 11. exf5 exf5 12. Qxd8 Rxd8 13. Nb5
Ne8 14. Be3 Bd7 15. Nd4 Rdb8 16. Nfe6 $14 {Serper,G-Galdunts,S/St.Petersburg
op2 1994/1-0 (33)}) (8. e4 d6 (8... Nxe4 $5 9. Nxe4 fxe4 10. Bxe4 Nc4 11. c3 b5
$13) 9. exf5 Bxf5 10. h3 (10. O-O c6 (10... Qd7 $6 11. Ne6 Bxe6 12. dxe6 Qxe6
13. Re1) 11. h3 {-see the game}) 10... c6 11. g4 Bd7 12. O-O Kh8 13. a4 cxd5
14. Ncxd5 Nxd5 15. Bxd5 Qc8 $11 {Kortschnoj,V-Kindermann,S/Hamburg Wichern-op
1995/1/2-1/2 (24)}) 8... c6 9. h5 Qe8 $1 $146 {[%csl Gg6][%cal Ge7e6] a best
place for black queen-controling light squares} (9... cxd5 10. hxg6 hxg6 11.
Ncxd5 Nxd5 12. Bxd5+ e6 13. Bg2 Qb6 14. c3 d5 15. Qb3 Qxb3 16. axb3 Kf7 $14 {
Pugachev-Rublevsky, USSR 1991}) 10. hxg6 hxg6 11. a4 d6 12. Be3 Nfg4 (12... Nc4
13. Qd4 Nxe3 (13... Nb6 14. Qd3 Ng4 15. Bd4 Ne5 16. Bxe5 dxe5 17. dxc6 e4 (
17... bxc6 18. a5 e4 19. Nxe4 $1 fxe4 20. Bxe4 $18) 18. Nxe4 $16) (13... Nxb2
$6 14. Qb4) 14. Qxe3 Ng4 15. Qd2 Ne5 $13) 13. Bd4 e6 14. dxc6 bxc6 15. Nb5 Qd7
16. Bxe5 (16. Nxe6 $2 Qxe6 17. Nc7 Qe7 18. Nxa8 Bb7 $17) 16... Nxe5 17. Nxd6
Ba6 $1 (17... Rd8 $6 18. Nxc8 Qxc8 19. Qb1 {[%csl Re6][%cal Gb1a2]}) 18. c4
Rab8 19. b3 Rb4 20. O-O Rd8 21. c5 Qe7 {until this moment both sides fighted
for advantage,and played quited well,but now starting a series of mistakes} 22.
Qc2 $4 (22. Qd2 $142 $1 Rxb3 23. Qa5 {[%cal Ga5a6,Gf4e6]} Bc4 (23... g5 24.
Nxe6 $1) 24. Rad1 $14) {[%tqu "En","Find the best solution for black","","",
"e5g4","Wrong.You didn't calculate correctly",0,"b4f4","Correct.You found
winning continuation,that black didn't find in the game",10]} 22... Ng4 $2 (
22... Rxf4 $3 23. gxf4 Ng4 24. Bf3 Qh4 25. Bxg4 Qxg4+ $19) 23. Rad1 $4 (23.
Nxg6 Qg5 24. Rad1 Qxg6 25. Nxf5 Qf6 26. Rxd8+ Qxd8 27. Nxg7 (27. Rd1 $2 Qf6 {
[%cal Gf6f2]}) 27... Kxg7 28. Rd1 (28. Bxc6 $2 Qh8) 28... Rd4 29. Qc3 e5 $15 {
with good chances to draw,for instance:} 30. Rxd4 Qxd4 31. Qxd4 exd4 32. Kf1 d3
33. exd3 Ne5 34. Kg1 $11) (23. Qd2) 23... Rxf4 (23... Rxf4 {White resigned
after this move. The end would be:} 24. gxf4 Qh4 25. Rfe1 Qxf2+ 26. Kh1 Qg3 (
26... Qh4+ 27. Bh3 Qxh3+ 28. Kg1 Qh2+ 29. Kf1 Qh1# {0-1 Zakharevich,I-Lastin,A/
RUS-ch 1996}) 27. Kg1 Ne3 {]}) 0-1

[Event "Clichy"]
[Site "Clichy"]
[Date "2001.06.27"]
[Round "3"]
[White "Lautier, Joel"]
[Black "Gurevich, Mikhail"]
[Result "1-0"]
[WhiteElo "2658"]
[BlackElo "2688"]
[Annotator "Tyomkin,D"]
[PlyCount "84"]
[EventDate "2001.06.25"]
[EventType "tourn"]
[EventRounds "9"]
[EventCountry "FRA"]
[EventCategory "14"]
[SourceTitle "CBM 085"]
[Source "ChessBase"]
[SourceDate "2001.11.13"]
[SourceVersion "1"]
[SourceVersionDate "2001.11.13"]
[SourceQuality "1"]

1. d4 {Lautier} f5 2. g3 Nf6 3. c4 d6 4. Nf3 g6 5. b4 Bg7 6. Bb2 c6 7. Bg2 Na6
8. a3 Nc7 9. O-O O-O 10. Nbd2 (10. Nc3 $5 {Kramnik,V} Kh8 11. Re1 Be6 $5) 10...
Kh8 {Interesting is10...Qh8 and white doesn't have time to transfer the knight
to d3 by 11.Ne1 because of 11...e5;} (10... e5 $2 {Kramnik,V} 11. dxe5 Ng4 12.
exd6 Bxb2 13. dxc7) (10... Qe8 $5 11. Qc2 (11. Ne1 e5) 11... h6 (11... Bd7 12.
Rae1 a6 13. e4 fxe4 14. Nxe4 Qf7 $2 (14... Bf5 15. Nxf6+ Bxf6 16. Qe2 $11) 15.
Nfg5 $1 (15. Nxf6+ $2 {1-0 Kengis,E-Revuckij,V/Lausanne 2000/CBM 76 ext (25)})
15... Qe8 16. Nxd6 $18) 12. Rae1 g5 13. e4 fxe4 14. Nxe4 $14 {1/2-1/2
Delemarre,J-Quinn,M/Siofok 1996/Juniors (45)}) 11. Ne1 $146 {If black is
forced to play a7-a6 after white's 11.a2-a4, I prefer to insert those moves
and only then to play Ne1-d3;} (11. a4 {Kramnik,V} a6 (11... Qe8 $6 {Kramnik,V}
12. b5 $16) (11... a5 $140 $6 {Lautier} 12. b5) 12. Ne1 $1 Qe8 13. Nd3 Be6 14.
Rc1 g5 15. e3 Rd8 16. Qe2 (16. b5 $6 {Kramnik,V} axb5 17. cxb5 Bd5) (16. Nb3 $5
{Kramnik,V}) 16... Qf7 17. f3 {[/\ e4]} Bc8 $2 (17... Qh5 $142 {Kramnik,V}) 18.
e4 $16 {1-0 Kramnik,V-Illescas Cordoba,M/Dos Hermanas 75/69 1999/Inf 75/
[Kramnik,V] (55)}) 11... Be6 12. Nd3 (12. Qc2 $146 Bg8 13. Nd3 Ne6 14. e3 Qe8
15. Rac1 Rc8 16. Nb3 g5 17. Na5 Rc7 18. Qe2 Qg6 19. b5 $14 {1-0 Gurevich,
M-Tozer,R/Copenhagen DEN 2001/The Week in Chess 350 (38)}) 12... a5 $1 {
That's the difference between 11.a4 and 11.Ne1- by 12...a5 black trades some
material over a-file;} (12... Bg8 $146 13. Qc2 Qd7 14. a4 Ne4 15. Nb3 (15. Nxe4
$143 fxe4 16. Bxe4 Qe6 {[%csl Rc4,Re4]}) 15... Rac8 16. f3 Ng5 17. Nd2 a6 18.
e4 $14 {1-0 Horvath,C-Rivera,D/Lisbon POR 2001/The Week in Chess 355 (37)}) (
12... g5 $5 {-like Illeskas did with Kramnik- see 11.a4;}) 13. Qc2 axb4 (13...
Qd7 {Lautier} 14. Nb3 $1 $14) 14. axb4 Qd7 15. Nb3 $14 {[%cal Gb3a5] '!'
Lautier.} Rxa1 (15... b5 16. cxb5 Bxb3 17. Qxb3 Nxb5 18. Rxa8 Rxa8 19. Rc1 $14
{[%csl Rc6]}) 16. Rxa1 Ra8 17. Na5 {'+/=' Lautier. White needs some pieces on
the board to keep winning chances;} Rb8 18. Rd1 Qe8 (18... Bg8 {Lautier} 19. e3
$14) 19. Re1 (19. Nf4 {Lautier} Bd7 20. d5 cxd5 $132 {/\ Ba4}) 19... Qd7 (19...
Bd7 $6 {Lautier} 20. f3 $1 b6 21. Nb3 c5 (21... b5 {Lautier} 22. c5 $16) 22. e4
$1 (22. dxc5 {Lautier} bxc5 (22... dxc5 {Lautier} 23. Be5 Qc8 24. bxc5 $16) 23.
b5 $14) 22... fxe4 23. fxe4 cxd4 24. e5 dxe5 25. Nxe5 Ba4 26. Bxd4 $16) 20. Rd1
Qe8 21. Re1 Qd7 {Black is ready for the draw by repeatition, but white
correctly decides to go on;} (21... Qg8 {Lautier} 22. f3 $14) 22. e3 Bf7 23.
Rc1 $1 {[%cal Yc2c6] The best place for the rook- c-file can be open soon;} Ne4
$2 {This move provokes white to play f3 and e4, but as a result white finally
has found the way to get progress here; It was better for black to make some
waiting move, because after f2-f3 move black can play b6 and on Nb3 b5-
comparing with the game black gains tempo this way;} (23... h6 24. f3 b6 25.
Nb3 b5 26. cxb5 (26. c5 Qe6 {[%csl Rb3,Re3]} 27. Na5 $5) 26... Rxb5 27. Na5
Ncd5 {and this is about equal here;}) (23... Qe8 $14 {Lautier} 24. f3 $140 b6
25. Nb3 b5 26. cxb5 Nxb5 27. Na5 Nd5 28. Qd2 $13) 24. f3 Nf6 25. e4 $16 {
[%cal Ge4e5,Yf3f4]} b6 {Black couldn't stay without doing anything- white
threatened to gain space all over the board by e5 and f4;} (25... Na6 26. e5
Ne8 27. f4 $16) 26. Nb3 b5 (26... fxe4 27. fxe4 Bh6 28. Rf1 b5 29. c5 $16) 27.
c5 $16 {[%csl Rc6][%cal Gb3a5] 27.d5 was another good move for white;} (27. d5
cxd5 28. cxd5 fxe4 29. fxe4 Rc8 30. Nf2 $1 $16 {[%cal Gg2h3]}) (27. cxb5 $143
Bxb3 (27... Nxb5 {Lautier} 28. Na5) 28. Qxb3 Nxb5 $14) 27... Bc4 (27... fxe4
28. fxe4 Bxb3 29. Qxb3 d5 30. Ne5 Qe6 31. Ra1 {[%cal Ga1a7]} Ra8 $140 32. Rxa8+
Nxa8 33. Qa2 $16) 28. cxd6 (28. Na5 $5 {Lautier} fxe4 29. fxe4 Ng4 30. cxd6
Qxd6 31. Nxc4 bxc4 (31... Bxd4+ {Lautier} 32. Qf2 $1 $18) 32. Qxc4 $16) 28...
exd6 29. Na5 fxe4 30. fxe4 Ne6 (30... Bxd3 31. Qxd3 Rb6 32. Qc2 $18 {[%csl Rc6]
}) (30... d5 {Lautier} 31. Ne5 (31. Nc5 {Lautier} Qe8 32. e5 Nd7) (31. e5 {
Lautier} Ne4 32. Bxe4 dxe4 33. Nc5 Qd5 34. Qxe4 Bh6 $132) 31... Qe8 32. Naxc6
Rb6 33. Na5 $16) 31. Nxc4 bxc4 32. Qxc4 $18 {White has won a pawn and c6 is
still weak; Black tries to complecate the game by his next move but it doesn't
help;} Nxe4 (32... d5 {Lautier} 33. exd5 (33. Qxc6 {Lautier} Qxc6 34. Rxc6 dxe4
) 33... cxd5 34. Qc6 $16) 33. Qxc6 (33. Bxe4 $143 d5 34. Qxc6 Qxc6 35. Rxc6
dxe4 36. Ne5 Bxe5 37. dxe5 (37. Rxe6 Rxb4) 37... Rxb4 38. Bc3 Rb3 39. Kf2 $16 {
[%cal Gf2e3]}) 33... Qxc6 34. Rxc6 {[%csl Yd6,Re4]} Nxd4 (34... Bxd4+ 35. Bxd4+
Nxd4 36. Bxe4 Nxc6 37. Bxc6 $18 {same like in the game;}) 35. Bxe4 Nxc6 36.
Bxg7+ Kxg7 37. Bxc6 {'+-' Lautier. White passed pawn b decides in this ending;}
Kf6 38. Kf2 Ke7 39. Ke3 Kd8 40. b5 Kc7 41. Nf4 {[%csl Yb6][%cal Gf4d5]} Rg8 42.
Nd5+ Kb8 (42... Kb8 43. Nf6 $18 {[%cal Gb5b6,Yf6d7]} (43. b6 $18 {(Lautier) /\
Nc7-a6})) 1-0

[Event "Capablanca Memorial Premier 33rd"]
[Site "Havana"]
[Date "1998.05.09"]
[Round "3"]
[White "Bellon Lopez, Juan Manuel"]
[Black "De la Riva Aguado, Oscar"]
[Result "1/2-1/2"]
[WhiteElo "2455"]
[BlackElo "2495"]
[Annotator "Tyomkin,D"]
[PlyCount "138"]
[EventDate "1998.05.07"]
[EventType "tourn"]
[EventRounds "13"]
[EventCountry "CUB"]
[EventCategory "8"]
[SourceTitle "CBM 065"]
[Source "ChessBase"]
[SourceDate "1998.08.06"]
[SourceVersion "1"]
[SourceVersionDate "1998.08.06"]
[SourceQuality "1"]

{[%mdl 4212]} 1. d4 f5 2. g3 Nf6 3. Bg2 g6 4. Nh3 e6 5. Nf4 (5. O-O d6 6. c4 (
6. c3 Bg7 7. Na3 O-O 8. Nc4 Nc6 9. b4 Ne4 10. Bxe4 $2 fxe4 11. Bg5 Qd7 12. f3
$2 e5 $17 {Stuart,E-Wall,G/Hastings Masters 1995/0-1(25)}) 6... Bg7 7. Nc3 O-O
8. Nf4 c6 9. Nd3 Nbd7 10. b3 e5 11. dxe5 dxe5 12. Ba3 Re8 13. e4 $13 {Gerusel,
M-Eising,J/Solingen 1974/1-0(33)}) (5. c3 Nc6 6. Nd2 Bg7 7. Nf4 d6 8. e4 e5 9.
dxe5 dxe5 10. Nd5 O-O 11. O-O Be6 12. Nxf6+ Qxf6 $15 {Romanishin,O-De la Riva,
O/Zaragoza op 1996/0-1 (74)}) 5... d6 6. Nc3 Nc6 7. h4 (7. d5 $5 exd5 8. Ncxd5
Bg7 9. h4 $14 {[%cal Gh4h5,Gh5h6]}) 7... e5 $5 8. Bxc6+ (8. dxe5 Nxe5 (8...
dxe5 $5 9. Qxd8+ (9. Bxc6+ bxc6 10. Qxd8+ $13) 9... Nxd8 10. Nfd5 Nxd5 11. Nxd5
Ne6 $11 {[%cal Gc7c6]}) 9. h5 g5 10. Nd3 h6 11. e4 $36) (8. d5 $6 Ne7 9. Ne6
Bxe6 10. dxe6 c6 $17 {[%csl Re6][%cal Gd6d5,Gd8d6]}) 8... bxc6 9. dxe5 dxe5 10.
Qxd8+ Kxd8 11. Nd3 Bd6 (11... e4 $2 12. Ne5 {[%csl Rc6,Rf7]}) 12. Bg5 Ke7 13.
e4 (13. h5 $5 Be6 14. e4 $14 {[%cal Gf2f4]}) 13... Kf7 {[%cal Gf6e4]} 14. f3 (
14. f4 $5 Nxe4 (14... exf4 $2 15. e5 Re8 16. Bxf6 $18) (14... fxe4 $6 15. Nxe5+
Bxe5 16. fxe5 $16 {[%csl Re4]}) 15. Nxe4 (15. fxe5 $6 Nxc3 16. bxc3 (16. exd6
Re8+ 17. Kf1 Ne4 {[%cal Ge4g3,Ge4d6]} 18. d7 $8 Bxd7 $17) 16... Re8 17. Bf4 Ba6
$15) 15... fxe4 16. Nxe5+ Bxe5 17. fxe5 Bg4 $11) 14... Be6 15. O-O-O Rhe8 $6 (
15... h6 $5 16. Bxf6 (16. Be3 fxe4 (16... Nd7 17. h5 $14 {[%csl Rc6,Rc7,Re5]})
17. Nxe4 Nxe4 18. fxe4 Kg7 $14 {[%cal Gh8f8]}) 16... Kxf6 17. h5 Rag8 $132) 16.
h5 Kg7 (16... fxe4 17. Nxe4 (17. Bxf6 exd3 18. Ne4 dxc2) (17. fxe4 Nxh5) 17...
Nxe4 18. fxe4 $16) (16... Nxh5 $6 17. exf5 Bxf5 18. g4 Bxd3 19. Rxd3 Nf4 20.
Bxf4 exf4 21. Ne4 $14) 17. hxg6 $14 hxg6 18. exf5 gxf5 19. Rh6 Ng8 (19... Nd5
20. Ne2 $1 Be7 $140 21. Bd2) 20. Rh4 Nf6 (20... Bd5 $5 21. f4 $1 e4 22. Ne5
Bxe5 23. fxe5 Rxe5 24. Bf4 $16 {[%cal Gc3d5]}) 21. Rdh1 Bg8 22. g4 e4 (22...
fxg4 23. Bxf6+ Kxf6 24. Rxg4 $16 {[%cal Gc3e4]}) 23. Bxf6+ Kxf6 24. fxe4 fxe4
25. Nxe4+ Rxe4 26. g5+ Kf5 27. Rf1+ Bf4+ $8 28. Rhxf4+ Rxf4 29. Rxf4+ Kxg5 30.
Ra4 $6 (30. Rf2 $142 $1 Re8 31. Kd2 $14 {[%csl Rg5]}) 30... Kf5 31. Nb4 Bd5 32.
Ra6 Ke6 33. c4 $5 Be4 34. Nxc6 Bxc6 35. Rxc6+ $14 {/=} Kd7 36. Rh6 (36. Ra6 Kc8
{[%cal Gc8b7]}) 36... Rg8 37. Ra6 Ra8 38. b4 Kc8 39. b5 Kb7 40. Kc2 Rh8 41. Kb3
Rh1 {The arising endgame is drawn,but black still has to be carefull.If black
will not make any visible mistakes the game will end up a draw.} 42. Rg6 Rc1
43. Rh6 Rb1+ 44. Ka4 Rc1 45. Kb4 Rb1+ 46. Kc5 Ra1 47. Rh2 Rc1 48. a3 Rb1 49.
Rh3 Ra1 50. Rb3 Rh1 51. a4 Rh5+ 52. Kb4 a6 (52... c5+ $5 53. Kc3 Rh3+ 54. Kc2
Rh2+ 55. Kd3 Ra2 56. Ke4 Rxa4 57. Kd5 a6 58. bxa6+ Kxa6 59. Kxc5 Ra5+ 60. Kc6
Rh5 $11) 53. Ka5 Ka7 54. Rb1 Rg5 55. Rc1 (55. Re1 Rg4 56. Re6 axb5 57. cxb5 Kb7
$11) 55... Kb7 56. c5 axb5 57. axb5 Rg2 58. Kb4 Rh2 59. Rc3 Rh1 60. Ra3 Rb1+
61. Rb3 Rc1 62. Rc3 Rh1 63. Rc4 Rb1+ 64. Ka5 Ra1+ 65. Ra4 Rb1 66. c6+ Ka7 67.
Ra2 Rb3 68. Rh2 Rb1 69. Rh8 {[%tqu "En","","","","b1b5","",10]} Rxb5+ $1
1/2-1/2

[Event "FRA-ch60 Championnat"]
[Site "Clermont Ferrand"]
[Date "1985.08.29"]
[Round "12"]
[White "Roos, Daniel"]
[Black "Roos, Louis"]
[Result "0-1"]
[WhiteElo "2325"]
[BlackElo "2400"]
[Annotator "Villeneuve,A/Primel,D"]
[PlyCount "74"]
[EventDate "1985.08.17"]
[EventType "swiss"]
[EventRounds "13"]
[EventCountry "FRA"]
[SourceTitle "EXT 2004"]
[Source "ChessBase"]
[SourceDate "2003.11.25"]
[SourceVersion "1"]
[SourceVersionDate "2003.11.25"]
[SourceQuality "1"]

1. Nf3 f5 {Les parties entre les deux frères sont tourjours trés disputées et
l'utilisation de la défense hollandaise est un signe.} 2. d4 (2. d3 $5 Nf6 3.
e4 d6 (3... fxe4 4. dxe4 {Le gambit Lisitin "amélioré"} e5 (4... Nxe4 $4 5. Bd3
Nf6 6. Ng5 g6 7. Nxh7 $1 {[%cal Gd3g6]} (7. h4 $1)))) 2... Nf6 3. g3 e6 4. Bg2
Be7 (4... d5 5. c4 c6 6. O-O Bd6 {la version moderne du Stonewall}) 5. O-O O-O
6. Nbd2 $5 (6. c4 {La grande ligne}) (6. b3 $5 d6 {[%cal Ge6e5]} 7. Bb2 Qe8 (
7... a5 8. a3)) 6... Nc6 $5 {[%cal Gd7d6,Ge6e5] Avec l'idée de jouer sur cases
noires au centre} 7. c3 (7. b3 $142 {[%csl Ge5][%cal Gc1b2]} d6 8. Bb2 Qe8 {
Epishin,V (2300)-Naumkin,I (2370) Tbilisi 1985 1-0}) 7... a5 $6 (7... d6 $142
8. Qc2 (8. Re1) 8... Qe8 (8... e5 $143 9. dxe5 dxe5 10. Qb3+ Kh8 11. Ng5 $36
Qe8) 9. e4 f4 $1 {[%cal Gf6h5]} 10. e5 Nd5 (10... dxe5 11. dxe5 Nd5)) 8. Qc2 {
[%cal Ge2e4]} d5 $6 $146 {Empêche la poussée "e2e4" mais le Nc6 devient mal
placé en renoncant а jouer le plan sur cases noires.} (8... b6 {Castagnetta,G 
(1900)-Bolek,J (2030) Caorle op 1982 (5) 0-1}) (8... d6 $142 9. e4 f4 $1) 9. a3
Qe8 (9... a4 $5 {[%csl Rb3]}) 10. c4 Qh5 11. cxd5 exd5 12. Nb3 {[%csl Gc5]} {
[%tqu "En","La position est assez incertaine pour les noirs. Les blancs
menacent de prendre l'initiative а l'aile-dame avec Nc5 et l'attaque des noirs
а l'aile-roi est en retard. Il faut donc jouer de manière énergique pour
essayer de prendre l'initiative","","","f5f4","",10]} f4 $1 {[%cal Gc8h3] Un
classique mais joili sacrifice de dégagement.} 13. Bxf4 Bh3 (13... Bf5 $5 {
[%cal Gf5c2]}) 14. Bxh3 Qxh3 15. Ng5 $6 {LE Ng5 va permettre aux noirs de
gagner un tempo important avec h6,g5} (15. Nc5 $142) 15... Qh5 16. e3 (16. Ne6
$143 {[%cal Ge6f8,Ge6c7]} Ng4 $36) 16... Ng4 17. h4 Bxg5 18. Bxg5 h6 $1 {
[%cal Gg7g5]} 19. Bf4 g5 20. f3 (20. Bxc7 gxh4 21. Bf4 Rae8 22. Rae1 Nh2 $3 {
Joli mais il n'y a pas mieux qu'un échec perpétuel} 23. Kxh2 hxg3+ 24. Kg2 Qh2+
25. Kf3 Qh5+ 26. Kg2 Qh2+) 20... gxf4 21. fxg4 Qxg4 22. Rxf4 Rxf4 23. exf4 Re8
(23... Qxg3+ {semblait plus simple} 24. Qg2 Qxg2+ 25. Kxg2 a4 26. Nc5) 24. Qd3
a4 25. Nd2 Re2 26. Rc1 Nxd4 $1 27. Rxc7 (27. Qxd4 $4 Qxg3+ 28. Kh1 Qh2#) 27...
Re1+ 28. Kf2 $4 Qe2+ 29. Qxe2 Rxe2+ 30. Kf1 Rxd2 31. Rxb7 Nf5 32. g4 Ne3+ 33.
Ke1 Rg2 34. g5 hxg5 35. hxg5 d4 36. g6 d3 37. Rd7 Re2# {Pas de cadeaux dans la
famille Roos! Daniel Roos qui avait 7/11 perd ainsi toutes ses chances de
titres avec cette défaite qui permet а son frère de revenir а sa hauteur.} 0-1